Workflow : řizení firemních procesů /

Hlavní autor: Carda, Antonín
Korporativní autor: Česká společnost pro systémovou integraci
Další autoři: Kunstová, Renata, 1962-
Jazyk: Čeština
Vydáno: Praha : Grada, 2001
Vydání: 1. vyd.
Edice: Management v informační společnosti
Témata:
Externí odkaz: Digitalizovaný dokument
Fyzický popis: 136 s. : il. ; 23 cm
Knihy
Uloženo v:
LEADER 01603nam a2200421 a 4500
001 000576010
003 CZ BrMZK
005 20091005110111.0
007 ta
008 011026s2001 xr e cze d
015 |a cnb001030817 
020 |a 80-247-0200-2 
035 |a (OCoLC)51191541 
040 |a BOA001  |b cze 
072 7 |a 658  |x Řízení a správa podniku  |2 Konspekt  |9 4 
080 |a 658  |2 MRF 
080 |a 005.5  |2 MRF 
080 |a [007+004]:658  |2 MRF 
080 |a (035)  |2 MRF 
100 1 |a Carda, Antonín  |7 jk01020557  |4 aut 
245 1 0 |a Workflow :  |b řizení firemních procesů /  |c Antonín Carda, Renáta Kunstová 
250 |a 1. vyd. 
260 |a Praha :  |b Grada,  |c 2001 
300 |a 136 s. :  |b il. ;  |c 23 cm 
490 1 |a Management v informační společnosti 
500 |a Vydavatel: Česká společnost pro systémovou integraci 
504 |a Obsahuje bibliografii a rejstřík 
650 0 7 |a podnikový management  |7 ph115763  |2 czenas 
650 0 7 |a procesní management  |7 ph166531  |2 czenas 
650 0 7 |a podnikové informační systémy  |7 ph121104  |2 czenas 
655 7 |a příručky  |7 fd133209  |2 czenas 
700 1 |a Kunstová, Renata,  |d 1962-  |7 jn20010309029  |4 aut 
710 2 |a Česká společnost pro systémovou integraci  |7 ko2002100958 
830 0 |a Management v informační společnosti  |0 s 
856 4 1 |u http://www.digitalniknihovna.cz/mzk/uuid/uuid:fde668e0-25aa-11e2-8579-005056827e52  |y Digitalizovaný dokument  |x NDK 
910 |a BOA001  |b 2-1091.783 
990 |a BK 
996 6 |b 2610145256  |c 2-1091.783  |l MZK  |r Sklad / do 1 hodiny  |n 13  |p p.v.  |w 000576010  |u 000010  |a 1  |e BOA001  |j MZK50  |s P